000 02031nam a2200565 i 4500
001 1781
003 KOSZ 005
005 20220803085055.0
008 220803s1982 pl a f 000 0 pol
015 _aPB 1982/8395
020 _a8321330029
035 _a991011895459705066
035 _a(PL-WaBN)b1322783x-48omnis_nlop
035 _ab1322783x
035 _a(OCoLC)749150258
035 _a(PL)b0000001322783
035 _a(EXLNZ-48OMNIS_NETWORK)9910422920105606
040 _aWA N
_cWA N
_dKOSZ 005/EC
_dKOSZ 005/RW
041 0 _apol
_beng
046 _k1982
080 _a691
080 _a539.3/.6
100 1 _aGodycki-Ćwirko, Tadeusz
_d(1926- )
_eAutor
245 1 0 _aMechanika betonu /
_cTadeusz Godycki-Ćwirko ; [recenzent prof. dr inż. Tadeusz Szulczyński].
250 _aWydanie I.
260 _aWarszawa :
_b"Arkady",
_c1982.
300 _a344 strony :
_bilustracje, tabele, wykresy ;
_c25 cm.
336 _aTekst
_btxt
_2rdacontent
337 _aBez urządzenia pośredniczącego
_bn
_2rdamedia
338 _aWolumin
_bnc
_2rdacarrier
380 _aKsiążki
380 _aPublikacje naukowe
380 _aPublikacje dydaktyczne
385 _mPoziom nauczania
_aSzkoły wyższe
388 1 _a1901-2000
388 1 _a1945-1989
504 _aBibliografia na stronach 336-344.
521 8 _aKsiążka jest przeznaczona dla pracowników naukowych i inżynierów projektantów oraz może być wykorzystana przez studentów wydziałów budowlanych wyższych uczelni technicznych.
546 _aStreszczenie w języku angielskim.
650 7 _aBeton
_2DBN
650 7 _aMechanika
650 7 _aNaprężenia i odkształcenia
655 7 _aMonografia
658 _aInżynieria i technika
700 1 _aSzulczyński, Tadeusz
_eRecenzja
710 2 _aWydawnictwo Arkady
_4pbl
856 _uhttp://koha.tu.koszalin.pl/cgi-bin/koha/opac-detail.pl?biblionumber=1781
_yKatalog online BPK
942 _2UKD
_cKS
999 _c1781
_d1781